000 01796cam a2200505Ka 4500
001 54488
005 20230410103924.0
008 060310s2006 sp b 000 0 spa d
035 _a(OCoLC)ocm65459392
040 _aPL#
_cPL#
_dBAKER
_dTEF
_dOCLCQ
_dBTCTA
_dYDXCP
_dBNCHL
019 _a150340863
020 _a8423337871
020 _a9788423337873
029 0 _aPL#
_b060004546
035 _a(OCoLC)65459392
_z(OCoLC)150340863
041 1 _aspa
_heng
043 _aaw-----
_an-us---
050 1 4 _a439 DS 62.8
_bF538g 2006
082 0 4 _a956.04
049 _aGRAL
100 1 _aFisk, Robert.
245 1 3 _aLa gran guerra por la civilización :
_bla conquista de Oriente Próximo /
_cRobert Fisk ; traducción de Juan Gabriel López Guix ... [et al.].
250 _a1. ed.
260 _aBarcelona :
_bEdiciones Destino,
_c2006.
300 _a1510 p. ;
_c24 cm.
440 0 _aImago mundi ;
_v89
504 _aIncludes bibliographical references (p. 1435-1445).
651 0 _aMiddle East
_xHistory, Military
_y20th century.
651 0 _aMiddle East
_xHistory, Military
_y21st century.
650 0 _aWar and society
_zMiddle East.
651 0 _aMiddle East
_xColonization.
651 0 _aUnited States
_xRelations
_zMiddle East.
651 0 _aMiddle East
_xRelations
_zUnited States.
651 4 _aMedio Oriente
_xHistoria military
_ySiglo XX.
651 4 _aMedio Oriente
_xHistoria militar
_ySiglo 20.
651 4 _aMedio Oriente
_xHistoria militar
_ySiglo 21.
650 4 _aGuerra y sociedad
_zMedio Oriente.
650 4 _aMedio Oriente
_xColonización.
650 4 _aEstados Unidos
_xRelaciones
_zMedio Oriente.
650 4 _aMedio Oriente
_xRelaciones
_zEstados Unidos.
700 1 _aLópez Guix, Juan Gabriel.
942 _2lcc
_cbk
946 _aclperez
994 _aC0
_bDRFGD
999 _c28484
_d28484